00744 2200265 4500001002100000005001700021008004100038020001800079035002400097090002300121100001900144245010000163250001200263260003100275300003300306500002900339500001100368650002400379850001500403980001500418985000600433986000900439999001500448999001500463YOGYA-0209000000248920090227020535.0 ind  a0-07-115806-5 0010-020900000002489 a658.4038bObr IlQ aO'BRIEN, James aIntroduction to Information System: an Internet workedbInterprise PerspectivecJames A O'Brien a2 nd ed aBostonbMc Graw Hillc1998 axxi,391,[41]hlmbilusc26 cm aBibliografi: hlm 588-589 aindeks aManajemen Informasi aYOPDYOG[B] a08-02-2005 a2 aSofi a04B0002823 a04B0002824